[Event "Stuttgart-chC int"]
[Site "Ditzingen"]
[Date "2014.05.30"]
[Round "4"]
[White "Milarch, Harald"]
[Black "Perez Berroth, Pablo"]
[Result "1-0"]
[WhiteElo "1341"]
[BlackElo "867"]
[PlyCount "123"]
[EventDate "2014.05.29"]
[EventType "swiss"]
[EventRounds "7"]
[EventCountry "GER"]
[SourceTitle "EXT 2015"]
[Source "ChessBase"]
[SourceDate "2014.11.20"]
[SourceVersion "1"]
[SourceVersionDate "2014.11.20"]
[SourceQuality "1"]

1. e4 d5 2. exd5 Qxd5 3. Nc3 Qa5 4. d3 c6 5. Bd2 Nf6 6. Ne4 Qe5 7. Bc3 Qc7 8. Nxf6+ gxf6 9. Qe2 Be6 10. Nf3 Bg7 11. Ng5 Qd6 12. Nxe6 fxe6 13. 0-0-0 Nd7 14. Qh5+ Kd8 15. d4 Qf4+ 16. Rd2 Bh6 17. Kd1 Rg8 18. Qf7 Rg7 19. Qxe6 Qd6 20. Qxd6 exd6 21. Rd3 Kc7 22. Rh3 Bg5 23. Bd3 h6 24. Re1 Rf8 25. g3 f5 26. f4 Bd8 27. Rxh6 Rgg8 28. Rh5 Rh8 29. Rxh8 Rxh8 30. h4 Rf8 31. h5 Nf6 32. Bxf5 Nxh5 33. Bg6 Nxg3 34. f5 Nxf5 35. Re8 Rf6 36. Bh5 Rh6 37. Bg4 Kd7 38. Rxd8+ Kxd8 39. Bxf5 Rh1+ 40. Kd2 c5 41. Be4 Rh2+ 42. Kd3 Rh3+ 43. Kc4 b6 44. Kd5 Kc7 45. Bd2 Rh5+ 46. Kc4 cxd4 47. Kxd4 Kd7 48. a3 Ke6 49. c4 Rh2 50. Bd5+ Kd7 51. Kc3 Rh3+ 52. Kb4 a5+ 53. Ka4 Rh2 54. Bc3 Rc2 55. Kb5 Kc7 56. Bd4 Kd7 57. Kxb6 Rd2 58. Bc3 Rh2 59. Kxa5 Rh7 60. Kb6 Re7 61. a4 Re8 62. Bc6+ 1-0

[Event "Stuttgart-chC int"]
[Site "Ditzingen"]
[Date "2014.05.29"]
[Round "1"]
[White "Perez Berroth, Pablo"]
[Black "Barna, Janos"]
[Result "0-1"]
[WhiteElo "867"]
[BlackElo "1252"]
[PlyCount "80"]
[EventDate "2014.05.29"]
[EventType "swiss"]
[EventRounds "7"]
[EventCountry "GER"]
[SourceTitle "EXT 2015"]
[Source "ChessBase"]
[SourceDate "2014.11.20"]
[SourceVersion "1"]
[SourceVersionDate "2014.11.20"]
[SourceQuality "1"]

1. e4 e5 2. d4 exd4 3. Qxd4 Nc6 4. Qa4 Bd6 5. c3 h6 6. Bb5 Ne5 7. Ne2 c6 8. Bf4 cxb5 9. Qd4 Qe7 10. Ng3 g6 11. Nd2 f6 12. Ne2 b6 13. Qd5 Rb8 14. Qxb5 a6 15. Qd5 Bb7 16. Qd4 Bc5 17. Qa4 Nd3+ 18. Kf1 Nxf4 19. Nxf4 Qf7 20. Qd1 Ne7 21. Qg4 Bd6 22. Nc4 Bc7 23. Rd1 f5 24. Qf3 Bxe4 25. Qe3 Qxc4+ 26. Ke1 Qf7 27. Qd4 0-0 28. Qxd7 Bxf4 29. f3 Bc6 30. Qd4 Qe6+ 31. Kf2 Nd5 32. Qc4 Qe3+ 33. Kf1 Bb5 34. Qxb5 axb5 35. Re1 Qd3+ 36. Kf2 Rbe8 37. g3 Bd6 38. Rd1 Qe2+ 39. Kg1 Ne3 40. Rxd6 Qg2# 0-1